[Event "Sparkassen-Open B"]
[Site "Heusenstamm, Martinsee"]
[Date "2018.11.22"]
[Round "1.54"]
[White "Gräf, Roman Konrad"]
[Black "Stepanov, Maximilian"]
[Result "0-1"]
[WhiteElo "1171"]
[BlackElo "1416"]
[PlyCount "90"]
[EventDate "2018.??.??"]
[WhiteTeam "SV Frankfurt Nord"]
[BlackTeam "SK Gräfelfing"]

1. d4 d5 2. Bf4 Nf6 3. e3 Bf5 4. Nf3 e6 5. Bd3 Bxd3 6. Qxd3 c6 7. Nbd2 Nbd7 8.
O-O Be7 9. h3 O-O 10. c4 dxc4 11. Nxc4 Nd5 12. a3 Nxf4 13. exf4 Nf6 14. Rae1
Nd5 15. f5 exf5 16. Qxf5 Bf6 17. Ne3 Nb6 18. Rc1 Qd6 19. Qc5 Rad8 20. Nf5 Qd7
21. Rfe1 g6 22. Ne3 Bxd4 23. Nxd4 Qxd4 24. Qc3 Qxc3 25. Rxc3 Rd2 26. Rc2 Rxc2
27. Nxc2 Rd8 28. Re7 Rd7 29. Re8+ Kg7 30. Ne3 f5 31. b3 Kf7 32. Rh8 Ke6 33.
Re8+ Kd6 34. Rf8 Ke5 35. Re8+ Kd4 36. Nc2+ Kc3 37. Ne3 Kxb3 38. Re5 Nd5 39.
Nxd5 cxd5 40. Re3+ Kc4 41. Kf1 d4 42. Re1 d3 43. Rd1 Kc3 44. Ke1 Re7+ 45. Kf1
d2 0-1

[Event "Sparkassen-Open B"]
[Site "Heusenstamm, Martinsee"]
[Date "2018.11.22"]
[Round "1.55"]
[White "Goodwin, David"]
[Black "Döll-Hentschker, Susanne"]
[Result "1-0"]
[WhiteElo "1549"]
[BlackElo "1148"]
[PlyCount "77"]
[EventDate "2018.??.??"]
[WhiteTeam "SV Kelsterbach"]
[BlackTeam "VSG Offenbach"]

1. Nf3 d5 2. g3 Nf6 3. Bg2 h6 4. d3 Bf5 5. Nbd2 Nbd7 6. b4 c6 7. Bb2 e6 8. a3
Bd6 9. c4 a5 10. cxd5 exd5 11. bxa5 Qxa5 12. Qc1 O-O 13. O-O Rfe8 14. Re1 Qa4
15. h3 c5 16. Nh4 Be6 17. e3 Rac8 18. Qb1 b5 19. e4 Ne5 20. Nf5 Bxf5 21. exf5
c4 22. dxc4 dxc4 23. Ne4 Nxe4 24. Bxe4 f6 25. Bc3 Bxa3 26. Bd5+ Kf8 27. Rxa3
Qxa3 28. Bb4+ Qxb4 29. Qxb4+ Re7 30. Rxe5 fxe5 31. Qxb5 c3 32. Bb3 Rec7 33.
Qb4+ Rc5 34. Bc2 Ke8 35. Qg4 Rd8 36. Qg6+ Kf8 37. f6 Rd7 38. fxg7+ Rxg7 39.
Qd6+ 1-0

[Event "Sparkassen-Open B"]
[Site "Heusenstamm, Martinsee"]
[Date "2018.11.22"]
[Round "1.56"]
[White "Richter, Tim"]
[Black "Müller, Maximilian"]
[Result "0-1"]
[WhiteElo "1118"]
[BlackElo "1547"]
[PlyCount "116"]
[EventDate "2018.??.??"]
[WhiteTeam "SF Heidesheim"]
[BlackTeam "SC Eppelborn"]

1. d4 Nf6 2. c4 g6 3. Nc3 Bg7 4. e4 d6 5. Nf3 O-O 6. Be2 Nbd7 7. Be3 a6 8. Rc1
c5 9. O-O h6 10. d5 Qb6 11. Qc2 Ng4 12. Bd2 Ngf6 13. b3 Kh7 14. Ne1 Ng8 15. Nd3
Ne5 16. h3 f5 17. f4 Nxd3 18. Bxd3 fxe4 19. Bxe4 Bf5 20. g4 Bxe4 21. Qxe4 Nf6
22. Qe6 Qc7 23. Rce1 Rae8 24. g5 Nh5 25. f5 gxf5 26. Rxf5 Qc8 27. Rxf8 Qxe6 28.
Rxe6 Bxf8 29. gxh6 Nf6 30. Bg5 Ng8 31. Ne4 Ra8 32. Kg2 b5 33. Nc3 bxc4 34. bxc4
Rb8 35. Bc1 Rb4 36. Re4 Nf6 37. Rh4 Ng8 38. Ne4 Bxh6 39. Bxh6 Nxh6 40. Kf3 Kg6
41. Nc3 Rb2 42. Re4 Kf7 43. Kf4 Rc2 44. Re3 Ng8 45. Kg5 Rg2+ 46. Kf4 Rc2 47.
Ke4 Rd2 48. Kf4 Nf6 49. Kf3 Rd4 50. Ne4 Rxc4 51. Nxf6 Kxf6 52. Re4 Rc3+ 53. Re3
Rc1 54. Ra3 Rh1 55. Kf4 Rf1+ 56. Ke4 Rh1 57. Kf4 Rd1 58. Ke4 Rd4+ 0-1

[Event "Sparkassen-Open B"]
[Site "Heusenstamm, Martinsee"]
[Date "2018.11.22"]
[Round "1.57"]
[White "Urbach, Jens"]
[Black "Tarini, Jagadeesh"]
[Result "1-0"]
[WhiteElo "1546"]
[BlackElo "1016"]
[PlyCount "75"]
[EventDate "2018.??.??"]
[WhiteTeam "SF Frankfurt"]
[BlackTeam "Singapore"]
[BlackTeamCountry "SIN"]

1. e4 e5 2. Nf3 Nc6 3. d4 exd4 4. Nxd4 Nxd4 5. Qxd4 Nf6 6. Bc4 b6 7. O-O d6 8.
Re1 Be7 9. e5 dxe5 10. Qxd8+ Bxd8 11. Rxe5+ Be7 12. h3 Bd7 13. Nc3 Rd8 14. Bf4
Bc6 15. Rae1 Rd7 16. g4 a6 17. Bxa6 Nd5 18. Nxd5 Bxd5 19. g5 f6 20. gxf6 gxf6
21. Rf5 Rg8+ 22. Bg3 Kd8 23. Rd1 Bc6 24. Rxd7+ Bxd7 25. Rd5 Bd6 26. Kh2 Bxg3+
27. fxg3 c6 28. Rd6 Ke8 29. Rxf6 Rg5 30. Bd3 Re5 31. Rf2 Re1 32. Bxh7 Ra1 33.
Bg6+ Ke7 34. a3 Ra2 35. h4 Bg4 36. h5 Rxb2 37. h6 Kd6 38. h7 1-0

[Event "Sparkassen-Open B"]
[Site "Heusenstamm, Martinsee"]
[Date "2018.11.22"]
[Round "1.58"]
[White "Tobias, Karolin"]
[Black "Tiggemann, Felix"]
[Result "0-1"]
[WhiteElo "924"]
[BlackElo "1514"]
[PlyCount "82"]
[EventDate "2018.??.??"]
[WhiteTeam "SV Oberursel"]
[BlackTeam "SF Schöneck"]

1. e4 e6 2. Nc3 d5 3. exd5 exd5 4. d4 Nf6 5. Nf3 Bg4 6. h3 Bh5 7. g4 Bg6 8. Bg5
Nc6 9. Qd2 Qd7 10. Bb5 Bb4 11. O-O-O O-O-O 12. Ne5 Qd6 13. Nxf7 Bxf7 14. Qd3
Rde8 15. Rhe1 Re7 16. Kb1 Rhe8 17. Re2 Bg6 18. Qf3 Be4 19. Nxe4 dxe4 20. Qb3 a6
21. Bxc6 bxc6 22. Qc4 a5 23. Qb3 Qd5 24. Qe3 Rd7 25. a3 Bc5 26. Rdd2 Bb6 27.
Bf4 Qe6 28. f3 Nd5 29. Qf2 Nxf4 30. Rxe4 Qf7 31. Qe3 Rxe4 32. Qxe4 Re7 33. Qxe7
Qxe7 34. Kc1 Qe3 35. h4 Bxd4 36. h5 Qe1+ 37. Rd1 Be3+ 38. Kb1 Qxd1+ 39. Ka2
Qxc2 40. h6 Bc1 41. hxg7 Qxb2# 0-1

[Event "Sparkassen-Open B"]
[Site "Heusenstamm, Martinsee"]
[Date "2018.11.22"]
[Round "1.59"]
[White "Gräf, Kilian Gabriel"]
[Black "Tobias, Franziska Ylvi"]
[Result "1-0"]
[WhiteElo "1535"]
[BlackElo "797"]
[PlyCount "89"]
[EventDate "2018.??.??"]
[WhiteTeam "SV Frankfurt Nord"]
[BlackTeam "SV Oberursel"]

1. d4 d5 2. c4 e6 3. Nc3 Bb4 4. Qa4+ Bd7 5. Qxb4 Nc6 6. Qxb7 Nxd4 7. cxd5 e5 8.
e3 Nc2+ 9. Kd1 Nxa1 10. Bd2 Bg4+ 11. f3 Bf5 12. e4 Bd7 13. Bb5 Nf6 14. Bc6 Bxc6
15. Qxc6+ Nd7 16. Nb5 O-O 17. Ne2 Nb6 18. Bb4 Re8 19. Nxc7 Rc8 20. Qxe8+ Qxe8
21. Nxe8 Rxe8 22. Kd2 Nc4+ 23. Kc3 Rc8 24. Rxa1 Ne3+ 25. Kd3 Nxg2 26. Rc1 Rb8
27. Rc7 h6 28. Bc3 Nh4 29. Ke3 Ng2+ 30. Kf2 Nh4 31. Bxe5 Ng6 32. Bd4 h5 33.
Rxa7 f6 34. d6 Ne5 35. Bxe5 fxe5 36. d7 g5 37. Rc7 g4 38. Rc8+ Rxc8 39. dxc8=Q+
Kh7 40. fxg4 hxg4 41. Qxg4 Kh8 42. Qg5 Kh7 43. Ng3 Kh8 44. Nf5 Kh7 45. Qg7# 1-0

[Event "Sparkassen-Open B"]
[Site "Heusenstamm, Martinsee"]
[Date "2018.11.22"]
[Round "1.61"]
[White "von Beckh, Frieda"]
[Black "Nimrichter, Christian"]
[Result "0-1"]
[WhiteElo "1262"]
[BlackElo "1378"]
[PlyCount "122"]
[EventDate "2018.??.??"]
[WhiteTeam "SC Eschborn"]
[BlackTeam "VSG Offenbach"]

1. e4 d5 2. exd5 Nf6 3. d4 Nxd5 4. Nf3 Bf5 5. Bc4 e6 6. O-O c6 7. Re1 Bd6 8.
Bd2 O-O 9. Nc3 Nb6 10. Bb3 N8d7 11. Bg5 Nf6 12. Ne5 Bxe5 13. dxe5 Qxd1 14.
Raxd1 Nfd5 15. Ne4 h6 16. Be3 Bxe4 17. Bxb6 Bxc2 18. Bxc2 axb6 19. a3 b5 20. h3
Rfd8 21. Rd3 Nb6 22. Red1 Rxd3 23. Rxd3 Nc4 24. Rd7 Rb8 25. b3 Nxe5 26. Re7 Kf8
27. Rc7 Ke8 28. f4 Kd8 29. Rxb7 Nf3+ 30. Kf2 Rxb7 31. Kxf3 f5 32. g4 g6 33. h4
c5 34. h5 gxh5 35. gxh5 c4 36. Ke3 Rd7 37. Ke2 cxb3 38. Bxb3 Rd4 39. Ke3 Re4+
40. Kf3 Ke7 41. Bc2 Re1 42. a4 bxa4 43. Bxa4 Rh1 44. Kg3 Rxh5 45. Bd1 Rh1 46.
Bf3 Ra1 47. Kg2 Ra2+ 48. Kg3 Ra3 49. Kg2 Kf6 50. Kg3 h5 51. Kg2 h4 52. Bc6 Rg3+
53. Kh2 Rg4 54. Kh3 Rxf4 55. Bg2 e5 56. Bd5 e4 57. Bxe4 fxe4 58. Kg2 e3 59. Kh2
e2 60. Kg2 e1=Q 61. Kh3 Qh1# 0-1

[Event "Sparkassen-Open B"]
[Site "Heusenstamm, Martinsee"]
[Date "2018.11.23"]
[Round "2.1"]
[White "Fuchs, Andreas"]
[Black "Kirchmann, Sascha"]
[Result "1/2-1/2"]
[WhiteElo "1661"]
[BlackElo "1774"]
[PlyCount "56"]
[EventDate "2018.??.??"]
[WhiteTeam "SC Ober-Ramstadt"]
[BlackTeam "SC Obertshausen"]

1. e4 Nf6 2. Nc3 d5 3. e5 d4 4. exf6 dxc3 5. bxc3 exf6 6. Bc4 Bd6 7. Qe2+ Qe7
8. Qxe7+ Kxe7 9. Ne2 Nc6 10. O-O Be6 11. Bb3 Bxb3 12. axb3 Rhe8 13. Nd4 Nxd4
14. cxd4 Kd7 15. Bb2 Re2 16. Bc3 a6 17. Rfe1 Rxe1+ 18. Rxe1 b5 19. d5 Bc5 20.
d4 Bb6 21. Bb2 b4 22. c4 bxc3 23. Bxc3 Re8 24. Re3 Rxe3 25. fxe3 f5 26. Bb4 f4
27. Kf2 fxe3+ 28. Kxe3 f6 1/2-1/2

[Event "Sparkassen-Open B"]
[Site "Heusenstamm, Martinsee"]
[Date "2018.11.23"]
[Round "2.2"]
[White "Illenberger, Dirk"]
[Black "Jagadeesh, Balakrishnan"]
[Result "1/2-1/2"]
[WhiteElo "1704"]
[BlackElo "1657"]
[PlyCount "85"]
[EventDate "2018.??.??"]
[WhiteTeam "Berkershm"]
[BlackTeam "Singapore"]
[BlackTeamCountry "SIN"]

1. e4 c6 2. d4 d5 3. exd5 cxd5 4. Bd3 Nc6 5. c3 Nf6 6. Bf4 g6 7. Nf3 Bg4 8.
Nbd2 Bg7 9. h3 Bxf3 10. Nxf3 e6 11. O-O O-O 12. Re1 Rc8 13. Qd2 Re8 14. Ne5
Nxe5 15. Bxe5 a6 16. a4 Nd7 17. Bf4 Nb6 18. b3 Nd7 19. Rab1 Qa5 20. Rec1 Rc6
21. Ra1 Qd8 22. a5 Nf6 23. f3 Nh5 24. Bh2 Bf6 25. b4 Bg5 26. f4 Bh6 27. b5 Rc8
28. bxa6 bxa6 29. Bxa6 Ra8 30. Bb5 Re7 31. a6 Qd6 32. Rf1 Nf6 33. f5 Qxh2+ 34.
Kxh2 Bxd2 35. fxg6 Ne4 36. Rxf7 Rxf7 37. gxf7+ Kxf7 38. a7 Bxc3 39. Bc6 Bxa1
40. Bxa8 Bxd4 41. Bxd5 Bxa7 42. Bxe4 h5 43. Kg3 1/2-1/2

[Event "Sparkassen-Open B"]
[Site "Heusenstamm, Martinsee"]
[Date "2018.11.23"]
[Round "2.3"]
[White "Lasschuit, Rene"]
[Black "Leach, Julien"]
[Result "1-0"]
[WhiteElo "1738"]
[BlackElo "1635"]
[PlyCount "99"]
[EventDate "2018.??.??"]
[WhiteTeam "SV Berolina Mitte"]
[BlackTeam "SC Bad Soden"]

1. d4 d5 2. Nf3 Nf6 3. c4 e6 4. Nc3 Bb4 5. e3 O-O 6. Bd3 b6 7. O-O Bb7 8. a3
Bxc3 9. bxc3 Nbd7 10. cxd5 exd5 11. c4 dxc4 12. Bxc4 Ne4 13. Qc2 Nd6 14. Be2
Be4 15. Qc3 Nf6 16. Ne5 Nd5 17. Qb2 Qg5 18. Bf3 Rfe8 19. Bxe4 Nxe4 20. f3 Nef6
21. e4 Nf4 22. Qd2 N6h5 23. Nd3 Nh3+ 24. Kh1 Qf6 25. e5 Qh4 26. gxh3 Qxh3 27.
Qf2 Ng3+ 28. Kg1 Nxf1 29. Qxf1 Qh4 30. Qf2 Qxf2+ 31. Kxf2 Rad8 32. Ke3 Re6 33.
Ke4 Rg6 34. Ra2 f5+ 35. Kxf5 Rxd4 36. Nf4 Rc6 37. Be3 g6+ 38. Kg5 h6+ 39. Kxh6
Rd7 40. Kg5 Re7 41. e6 Rc3 42. Kf6 Rxe6+ 43. Nxe6 Rxe3 44. Nxc7 Kh7 45. f4 Rf3
46. Ne6 Kh6 47. Rg2 Rxa3 48. Rxg6+ Kh7 49. Ng5+ Kh8 50. Kf7 1-0

[Event "Sparkassen-Open B"]
[Site "Heusenstamm, Martinsee"]
[Date "2018.11.23"]
[Round "2.4"]
[White "Firinci, Erdem"]
[Black "Draxler, Gottfried"]
[Result "0-1"]
[WhiteElo "1645"]
[BlackElo "1767"]
[PlyCount "102"]
[EventDate "2018.??.??"]
[WhiteTeam "SF Heusenstamm"]
[BlackTeam "SF Neuberg"]

1. e4 c5 2. Nf3 d6 3. Nc3 Nc6 4. Bb5 Bd7 5. O-O a6 6. Bxc6 Bxc6 7. d3 Nf6 8.
Be3 e6 9. Re1 Be7 10. Ne2 O-O 11. c4 Rc8 12. Ng3 Re8 13. Rc1 b6 14. b3 Ng4 15.
Bd2 Ne5 16. Nxe5 dxe5 17. Be3 Qc7 18. Qe2 Rcd8 19. Red1 Qb7 20. Rc2 f5 21. f4
fxe4 22. dxe4 Rxd1+ 23. Qxd1 Bxe4 24. Rd2 Bc6 25. fxe5 Qb8 26. Qa1 Rd8 27. Qc3
Rxd2 28. Bxd2 Qb7 29. Be3 Bxg2 30. Qd2 Bh3 31. Qf2 Qd7 32. Qd2 Qd8 33. Qxd8+
Bxd8 34. Kf2 Bc7 35. Bf4 h6 36. Ne4 Bf5 37. Ke3 Kf8 38. h4 Bd8 39. Bg3 g5 40.
hxg5 hxg5 41. Be1 Kg7 42. b4 Bxe4 43. Kxe4 Be7 44. a3 b5 45. Kd3 Kg6 46. bxc5
Bxc5 47. cxb5 axb5 48. Bb4 Bxb4 49. axb4 Kf5 50. Kd4 g4 51. Kc5 g3 0-1

[Event "Sparkassen-Open B"]
[Site "Heusenstamm, Martinsee"]
[Date "2018.11.23"]
[Round "2.5"]
[White "Füssel, Jan Michael"]
[Black "Schwegler, Jelena"]
[Result "1-0"]
[WhiteElo "1766"]
[BlackElo "1496"]
[PlyCount "91"]
[EventDate "2018.??.??"]
[WhiteTeam "VSG Offenbach"]
[BlackTeam "SK Bad Homburg"]

1. c4 e5 2. g3 Nc6 3. Bg2 Be7 4. Nc3 f5 5. d3 Nf6 6. Nf3 O-O 7. O-O d5 8. cxd5
Nxd5 9. Nxe5 Nxc3 10. Nxc6 Nxe2+ 11. Qxe2 bxc6 12. Bxc6 Rb8 13. Be3 Bf6 14.
Rab1 Ba6 15. Rfd1 Qd6 16. Qc2 Rxb2 17. Rxb2 Bxb2 18. Ba4 Ba3 19. Bb3+ Kh8 20.
Bxa7 f4 21. d4 fxg3 22. hxg3 Bb7 23. d5 Bc8 24. Qe4 Qh6 25. Be3 Qh3 26. Bd4 Bg4
27. Qe5 Rg8 28. Re1 Qh6 29. Bd1 Bd6 30. Qe3 Qg6 31. Bxg4 Qxg4 32. Be5 Bb4 33.
Rc1 Bd6 34. Bxd6 cxd6 35. Kg2 Rf8 36. Rc7 h6 37. Re7 Qf5 38. Qd2 Qf3+ 39. Kg1
Rb8 40. Re1 Ra8 41. Re3 Qf5 42. a3 Qg5 43. Kg2 Rxa3 44. Re8+ Kh7 45. Qc2+ Qg6
46. Rh8+ 1-0

[Event "Sparkassen-Open B"]
[Site "Heusenstamm, Martinsee"]
[Date "2018.11.23"]
[Round "2.6"]
[White "Moseler, Thomas"]
[Black "Bengsch, Norbert"]
[Result "0-1"]
[WhiteElo "1636"]
[BlackElo "1763"]
[PlyCount "128"]
[EventDate "2018.??.??"]
[WhiteTeam "HSK Lister Turm"]
[BlackTeam "SG Donautal Tuttlingen"]

1. e4 b6 2. d4 Bb7 3. Bd3 e6 4. Nf3 c5 5. c3 cxd4 6. cxd4 Nc6 7. Nc3 Bb4 8. Bd2
Nge7 9. a3 Bxc3 10. Bxc3 d5 11. e5 O-O 12. h4 f5 13. Qd2 h6 14. Bc2 Na5 15. Qd3
Qc8 16. b4 Nc4 17. g4 Ba6 18. b5 Bxb5 19. Bb4 Nxe5 20. Qxb5 Nxf3+ 21. Kf1 Rf7
22. Bxe7 Rxe7 23. Qd3 Qc4 24. gxf5 Nxd4 25. Qxc4 dxc4 26. Be4 Rc8 27. fxe6 Nxe6
28. Bd5 Kf8 29. Rh3 Ke8 30. Rg3 c3 31. Bxe6 Rxe6 32. Rxg7 Kf8 33. Rd7 c2 34.
Rc1 Re7 35. Rd6 Kg7 36. Rd2 Rec7 37. Kg2 Rc3 38. Rd7+ Kf6 39. Rxa7 Rd8 40. Rh7
Kg6 41. Re7 Rd1 42. Rxc2 Rxc2 43. Re6+ Kh5 44. Rxb6 Rdd2 45. Rf6 Kxh4 46. Rf4+
Kg5 47. Rf8 Rd3 48. a4 Ra2 49. Rg8+ Kf6 50. Rf8+ Kg7 51. Rf4 Rda3 52. Rb4 Rxa4
53. Rb7+ Kg6 54. Rb6+ Kg5 55. Rb5+ Kf4 56. Rb6 Ra6 57. Rb4+ Kg5 58. Kg3 R2a3+
59. f3 Rf6 60. Rg4+ Kh5 61. Rh4+ Kg6 62. Rg4+ Kf7 63. Rf4 Rxf4 64. Kxf4 Kf6 0-1

[Event "Sparkassen-Open B"]
[Site "Heusenstamm, Martinsee"]
[Date "2018.11.23"]
[Round "2.7"]
[White "Schwenk, Stefan"]
[Black "Pomrehn, Ole Magnus"]
[Result "1/2-1/2"]
[WhiteElo "1755"]
[BlackElo "1533"]
[PlyCount "50"]
[EventDate "2018.??.??"]
[WhiteTeam "SK Geisenheim"]
[BlackTeam "SC Nidderau"]

1. c4 g6 2. g3 Bg7 3. Bg2 d6 4. Nc3 Nd7 5. e3 e6 6. Nge2 Ne7 7. b4 Rb8 8. Rb1
b6 9. d4 Bb7 10. d5 e5 11. O-O f5 12. f4 Nc8 13. Bb2 h5 14. h4 Ba6 15. b5 Bb7
16. e4 Ne7 17. Qc2 O-O 18. exf5 gxf5 19. Rbe1 e4 20. Nd1 Nc5 21. Nd4 Kh7 22.
Re3 Rg8 23. Bh3 Bc8 24. Kh2 Qe8 25. Qe2 Qf7 1/2-1/2

[Event "Sparkassen-Open B"]
[Site "Heusenstamm, Martinsee"]
[Date "2018.11.23"]
[Round "2.8"]
[White "Stepanov, Maximilian"]
[Black "Bigott, Martin"]
[Result "0-1"]
[WhiteElo "1416"]
[BlackElo "1752"]
[PlyCount "58"]
[EventDate "2018.??.??"]
[WhiteTeam "SK Gräfelfing"]
[BlackTeam "SF Lohmar"]

1. d4 Nf6 2. Nf3 g6 3. Bf4 Bg7 4. e3 d6 5. Bc4 O-O 6. O-O h6 7. h3 c5 8. c3
Nbd7 9. Nbd2 cxd4 10. exd4 Nh5 11. Bh2 e5 12. dxe5 dxe5 13. Ne4 Kh7 14. Re1 f5
15. Nd6 e4 16. Nd4 Ne5 17. Ne6 Bxe6 18. Bxe6 Qe7 19. Nxf5 gxf5 20. Bb3 Qg5 21.
Bxe5 Bxe5 22. Qd7+ Kh8 23. Qd5 Rae8 24. Qxb7 Nf4 25. g3 Nxh3+ 26. Kg2 Nxf2 27.
Kxf2 Qxg3+ 28. Ke2 Qd3+ 29. Kf2 Qf3+ 0-1

[Event "Sparkassen-Open B"]
[Site "Heusenstamm, Martinsee"]
[Date "2018.11.23"]
[Round "2.9"]
[White "Tojcic, Josip"]
[Black "Kirchner, Stefan"]
[Result "1-0"]
[WhiteElo "1751"]
[BlackElo "1580"]
[PlyCount "57"]
[EventDate "2018.??.??"]
[WhiteTeam "Niederräder TG"]
[BlackTeam "SF Schöneck"]

1. d4 f5 2. Nf3 g6 3. Bg5 d6 4. Nbd2 Nf6 5. e3 Bg7 6. Bd3 O-O 7. c3 Qe8 8. Bc4+
Kh8 9. Qb3 h6 10. d5 Nh5 11. h4 Na6 12. Bxa6 bxa6 13. Qc2 Rb8 14. Nb3 Qb5 15.
Rd1 Nf6 16. c4 Qb4+ 17. Nfd2 Ne4 18. O-O Nc5 19. Nxc5 Qxc5 20. b3 c6 21. Nf3
Bb7 22. e4 cxd5 23. exd5 Qa3 24. Be3 Ra8 25. Bd4 Bf6 26. Rfe1 Qa5 27. Rxe7 Bxd4
28. Nxd4 Rac8 29. Qb2 1-0

[Event "Sparkassen-Open B"]
[Site "Heusenstamm, Martinsee"]
[Date "2018.11.23"]
[Round "2.10"]
[White "John, Volkmar"]
[Black "Goodwin, David"]
[Result "0-1"]
[WhiteElo "1737"]
[BlackElo "1549"]
[PlyCount "94"]
[EventDate "2018.??.??"]
[WhiteTeam "SK Herborn"]
[BlackTeam "SV Kelsterbach"]

1. Nf3 g6 2. c4 Bg7 3. g3 Nf6 4. Bg2 d6 5. O-O O-O 6. Nc3 Nbd7 7. b4 c5 8. b5
Rb8 9. Rb1 Nb6 10. d3 d5 11. Bf4 Ra8 12. Qb3 Nh5 13. Nxd5 Nxd5 14. cxd5 Nxf4
15. gxf4 h5 16. Rfc1 Qd6 17. e3 Bf6 18. Qc4 b6 19. d4 cxd4 20. Nxd4 Bd7 21. Nc6
Rfc8 22. Rb4 Kg7 23. Qb3 Rc7 24. Rbc4 Rac8 25. Nxa7 Rxc4 26. Rxc4 Ra8 27. Nc6
Ra3 28. Qc2 e6 29. dxe6 fxe6 30. Nd4 e5 31. fxe5 Bxe5 32. Nf3 Bxb5 33. Nxe5
Qxe5 34. Rc7+ Kh6 35. Qc1 Rxa2 36. e4+ g5 37. Rc3 Ra4 38. Rc6+ Kg7 39. Rc7+ Kf6
40. Rc3 Bd7 41. Rf3+ Ke7 42. Ra3 b5 43. Bf1 Rxe4 44. Qb1 Rg4+ 45. Rg3 Re4 46.
Rxg5 Qxg5+ 47. Bg2 Bf5 0-1

[Event "Sparkassen-Open B"]
[Site "Heusenstamm, Martinsee"]
[Date "2018.11.23"]
[Round "2.11"]
[White "Björknes, Uwe"]
[Black "Urbach, Jens"]
[Result "1-0"]
[WhiteElo "1740"]
[BlackElo "1546"]
[PlyCount "35"]
[EventDate "2018.??.??"]
[WhiteTeam "SK Bad Homburg"]
[BlackTeam "SF Frankfurt"]

1. e4 e6 2. c4 b6 3. d4 Bb7 4. Bd3 c6 5. Nf3 d5 6. Nc3 Bb4 7. O-O Bxc3 8. bxc3
dxe4 9. Bxe4 Nf6 10. Bg5 h6 11. Bxf6 Qxf6 12. Ne5 O-O 13. f4 Qe7 14. Qf3 Qc7
15. f5 exf5 16. Qxf5 g6 17. Nxg6 Bc8 18. Ne7+ 1-0

[Event "Sparkassen-Open B"]
[Site "Heusenstamm, Martinsee"]
[Date "2018.11.23"]
[Round "2.12"]
[White "Müller, Maximilian"]
[Black "Michels, Fabio"]
[Result "1/2-1/2"]
[WhiteElo "1547"]
[BlackElo "1727"]
[PlyCount "115"]
[EventDate "2018.??.??"]
[WhiteTeam "SC Eppelborn"]
[BlackTeam "SG Mörsdorf-Lahr"]

1. d4 Nf6 2. c4 c5 3. d5 b5 4. cxb5 a6 5. bxa6 g6 6. a7 Qa5+ 7. Bd2 Qxa7 8. Nc3
Ba6 9. Nf3 Qb7 10. Qb3 Qa7 11. g3 Ng4 12. e3 Bxf1 13. Kxf1 Bg7 14. h3 Ne5 15.
Nxe5 Bxe5 16. Kg2 O-O 17. e4 Na6 18. a3 Rfb8 19. Qc2 c4 20. Be3 Bd4 21. Bxd4
Qxd4 22. Rhd1 Qb6 23. Rab1 Nc5 24. Na2 Nd3 25. Nb4 Nxb4 26. axb4 Qxb4 27. Qc3
Ra2 28. Qxb4 Rxb4 29. Rdc1 c3 30. bxc3 Rxe4 31. Re1 Raa4 32. Rxe4 Rxe4 33. Rb4
Re5 34. c4 d6 35. Rb7 Kf8 36. Rb8+ Kg7 37. Rb7 Kf6 38. Kf3 Re1 39. Rc7 h6 40.
Rb7 e6 41. Rd7 Rc1 42. Rxd6 Rxc4 43. dxe6 fxe6 44. Rd3 h5 45. h4 Kf5 46. Kg2 e5
47. Rf3+ Ke6 48. Re3 Kd5 49. Rd3+ Rd4 50. Re3 Kd6 51. Kf3 Kd5 52. Kg2 e4 53.
Kh3 Rd3 54. Re2 Kd4 55. Kg2 e3 56. Rxe3 Rxe3 57. fxe3+ Kxe3 58. g4 1/2-1/2

[Event "Sparkassen-Open B"]
[Site "Heusenstamm, Martinsee"]
[Date "2018.11.23"]
[Round "2.13"]
[White "König, Frank"]
[Black "Gräf, Kilian Gabriel"]
[Result "1-0"]
[WhiteElo "1719"]
[BlackElo "1535"]
[PlyCount "51"]
[EventDate "2018.??.??"]
[WhiteTeam "SV Steinhausen"]
[BlackTeam "SV Frankfurt Nord"]

1. d4 Nf6 2. Nf3 g6 3. Nc3 Bg7 4. e4 d6 5. Be3 O-O 6. Qd2 Nbd7 7. Bh6 c5 8.
Bxg7 Kxg7 9. e5 dxe5 10. dxe5 Ng4 11. O-O-O Qc7 12. Nd5 Qd8 13. Ne3 Nxe3 14.
Qxe3 Qb6 15. Bc4 e6 16. h4 Rh8 17. h5 h6 18. hxg6 Kxg6 19. Rh4 f5 20. Rdh1 Kf7
21. Rxh6 Rxh6 22. Qxh6 Ke7 23. Qg5+ Ke8 24. Rh7 Qd8 25. Qg8+ Nf8 26. Qf7# 1-0

[Event "Sparkassen-Open B"]
[Site "Heusenstamm, Martinsee"]
[Date "2018.11.23"]
[Round "2.14"]
[White "Tiggemann, Felix"]
[Black "Chambers, Dominik Keith"]
[Result "1/2-1/2"]
[WhiteElo "1514"]
[BlackElo "1715"]
[PlyCount "56"]
[EventDate "2018.??.??"]
[WhiteTeam "SF Schöneck"]
[BlackTeam "SC Lorsch"]

1. e4 d5 2. exd5 Qxd5 3. d4 Nf6 4. Nc3 Qd6 5. h3 a6 6. Nf3 b5 7. a3 Bb7 8. Be3
e6 9. Be2 Be7 10. Qd2 Nc6 11. Rd1 b4 12. axb4 Nxb4 13. Bf4 Qd8 14. Be5 Nbd5 15.
Nxd5 Bxd5 16. O-O Ne4 17. Qa5 Bd6 18. Bxd6 Qxd6 19. Nd2 Nf6 20. Bf3 O-O 21.
Bxd5 Nxd5 22. Rfe1 Qc6 23. Rc1 Nf4 24. f3 Rfd8 25. Nb3 Qc4 26. Qd2 Ng6 27. Qe2
Qd5 28. Qe4 Qg5 1/2-1/2

[Event "Sparkassen-Open B"]
[Site "Heusenstamm, Martinsee"]
[Date "2018.11.23"]
[Round "2.15"]
[White "Floren, Dieter"]
[Black "Aravindan, Midhulan"]
[Result "1-0"]
[WhiteElo "1715"]
[BlackElo "1407"]
[PlyCount "121"]
[EventDate "2018.??.??"]
[WhiteTeam "Hamburger SK"]
[BlackTeam "SV Hofheim"]

1. e4 e6 2. d3 d5 3. Qe2 d4 4. Nf3 c5 5. g3 Nc6 6. e5 Nge7 7. Bg2 h6 8. O-O Nd5
9. a3 Be7 10. c4 Nb6 11. Nbd2 O-O 12. Ne4 Nd7 13. Ned2 Qc7 14. Re1 a5 15. h4
Qd8 16. Nf1 b6 17. N1h2 h5 18. Ng5 g6 19. Bf4 Bb7 20. g4 hxg4 21. Nxg4 Kg7 22.
Ne4 Rh8 23. Bg5 Bxg5 24. hxg5 Ncxe5 25. Nxe5 Nxe5 26. Nf6 Bxg2 27. Qxe5 Kf8 28.
Kxg2 Ra7 29. Ne4 Rh5 30. f4 f5 31. Qd6+ Qe7 32. Qxe7+ Kxe7 33. Nf6 Rh4 34. Kg3
Rh8 35. Rh1 Raa8 36. Kg2 Kd6 37. Rxh8 Rxh8 38. Rh1 Rxh1 39. Kxh1 e5 40. fxe5+
Kxe5 41. Nd5 f4 42. Nxb6 Kf5 43. Na4 Kxg5 44. Nxc5 f3 45. Ne4+ Kf5 46. c5 Ke6
47. b4 axb4 48. axb4 Kd7 49. Kg1 Kc6 50. Kf2 g5 51. Nxg5 Kb5 52. Nxf3 Kxb4 53.
c6 Kc3 54. Ne5 Kd2 55. c7 Kd1 56. c8=Q Kd2 57. Qg8 Kd1 58. Qg4+ Kd2 59. Qe2+
Kc1 60. Nc4 Kb1 61. Qb2# 1-0

[Event "Sparkassen-Open B"]
[Site "Heusenstamm, Martinsee"]
[Date "2018.11.23"]
[Round "2.16"]
[White "Gräf, Jakob"]
[Black "Zerhusen, Martin"]
[Result "1/2-1/2"]
[WhiteElo "1520"]
[BlackElo "1711"]
[PlyCount "181"]
[EventDate "2018.??.??"]
[WhiteTeam "SV Frankfurt Nord"]
[BlackTeam "SV Oberursel"]

1. e4 c6 2. d4 d5 3. exd5 cxd5 4. c4 Nf6 5. Nf3 e6 6. Nc3 Be7 7. c5 O-O 8. Bd3
Nc6 9. O-O b6 10. Bb5 Nb8 11. b4 Bd7 12. Bf4 a6 13. Bxb8 Qxb8 14. Bxd7 Nxd7 15.
Rc1 a5 16. c6 Nf6 17. b5 Bd6 18. h3 Bf4 19. Rc2 Qc7 20. Ne1 h6 21. Nd3 Bd6 22.
Re1 Rad8 23. Ne5 Bxe5 24. Rxe5 g6 25. Qf3 Kg7 26. Qd3 Qd6 27. Ne2 Rc8 28. Nf4
Ne4 29. f3 Nf6 30. Qe3 Qb4 31. Qd3 Rfe8 32. Ree2 Qd6 33. Qd2 Rc7 34. Nd3 Qg3
35. Qf4 Qxf4 36. Nxf4 Rd8 37. Nd3 Ne8 38. Nf4 Kf6 39. Nd3 Nd6 40. a4 Nc4 41.
Ne5 Nxe5 42. Rxe5 h5 43. h4 Rh8 44. Kf2 Rh7 45. Rce2 Rh8 46. Kg3 Rh7 47. Kh3
Rc8 48. g3 Kg7 49. Rd2 Rc7 50. g4 hxg4+ 51. fxg4 Rh6 52. g5 Rh5 53. Kg4 Rh7 54.
Re3 Kf8 55. Rh3 Rh5 56. Kf4 Ke7 57. Kg4 Ke8 58. Rf3 Rh7 59. Rf6 Rh5 60. Rdf2
Rh7 61. Rh2 Rh5 62. Kf4 Ke7 63. Ke5 Ra7 64. Rhf2 Rh7 65. R2f4 Rc7 66. h5 gxh5
67. Rh6 Rg7 68. Rxh5 Rc8 69. Rg4 Rcg8 70. Rg3 Rg6 71. Kf4 Kd6 72. Rh6 R6g7 73.
Rf6 Ke7 74. Rg4 Rh8 75. Rh6 Rhg8 76. Rh5 Kd6 77. Rg3 Rg6 78. Rh7 Ke7 79. Rhh3
Kd6 80. Rc3 Rxg5 81. Kf3 Rf5+ 82. Ke3 Kc7 83. Rf3 Rgg5 84. Ke2 Rh5 85. Rxf5
Rxf5 86. Rf3 Rxf3 87. Kxf3 Kd6 88. Kf4 f6 89. Kf3 e5 90. dxe5+ fxe5 91. Ke3
1/2-1/2